000 03181cam a22004694i 4500
003 PE-LiUPU
005 20250731165407.0
008 151014s2014 pe a grm 000 0 spa d
035 _a(Sirsi) a154864
040 _aPE-LiUPU
_bspa
_cPE-LiUPU
_erda
082 0 4 _a378.85331
_bL54 T3
099 _aTA 3
_bL54 2014
100 1 _aLévano Chambi, Jimmy Abel
_eautor
245 1 _aFormación profesional y el desempeño laboral de los graduados de la Facultad de Ciencias Empresariales de la Universidad Peruana Unión, 2014 /
_cJimmy Abel Lévano Chambi.
264 0 _c2014.
300 _a94 hojas :
_bilustraciones;
_c30 cm
336 _atext
_2rdacontent
337 _aunmediated
_2rdamedia
338 _avolume
_2rdacarrier
502 _aTesis
_b(Mg.) --
_cUniversidad Peruana Unión,
_d2014.
504 _aIncluye referencias bibliográficas
520 3 _aEl objetivo de la investigación es determinar en qué medida se relaciona la formación profesional y el desempeño laboral en los colaboradores del área financiera que egresaron en las tres sedes de la Universidad Peruana Unión, entre los años de 2000 y 2013. Se ha trabajado un objetivo y cinco hipótesis específicas referidas a la relación de la formación profesional con el desempeño laboral. Se ha trabajado el marco histórico de la formación profesional en ciencias empresariales, principios a considerar en la formación de los profesionales en ciencias empresariales: a) formación permanente, b) formación integral, c) andragogía, d) investigación, e) aprendizaje cooperativo, f) evaluación de la formación y desempeño, g) ética profesional y desarrollo personal; se ha definido los principios básicos de la formación profesional articulada con la calidad, pertinencia y mayor cobertura dando énfasis en la formación basada en competencias. El tipo de investigación es correlacional, descriptivo, diseñado para determinar el grado de relación de las variables de estudio: formación profesional y desempeño laboral. El estudio tiene diseño de investigación no experimental, correlacional, transeccional, porque se recolectó datos en un solo momento, comprende 5 modelos. La población está constituida por los 32 profesionales de Ciencias Empresariales graduados en la Universidad Peruana Unión en sus tres sedes y que laboran en las áreas financieras de las mismas. Para la recolección de los datos, se recurrió a la técnica de la encuesta, para lo cual se elaboró el respectivo instrumento, denominado "formación profesional y desempeño laboral".
526 _aSEG44
526 _aSEG26
526 _aP151
526 _aP150
526 _aP149
526 _aP146
526 _aP145
526 _aP126
526 _aP125
526 _aP92
526 _aP75
526 _aP74
526 _aP27
526 _aP15
650 0 4 _aEgresados universitarios
_xTrabajo
_vTesis.
650 0 4 _aUniversidad Peruana Unión
_xEgresados universitarios
_vTesis.
596 _a1
942 _2ddc
_cTESIS
999 _aTA 3 L54 2014
_wALPHANUM
_c7557
_iT01595
_lCCODEBUL3
_mBUL
_r1
_sY
_tTESIS
_u2015-10-14
_xPOSGRADO
_zMAADMNEG
_d7557
980 _81
_gALBERTO SANCHEZ Responsable de Automatización